Les principes de l'analyse géométrique. Tome I, Leçons de géométrie vectorielle. Préliminaires à l'étude de la théorie d'Einstein /
Guardado en:
| Autor Principal: | |
|---|---|
| Formato: | Libro |
| Idioma: | French |
| Publicado: |
Paris :
Vuibert,
1949.
|
| Edición: | 3e éd., rev. et augm. |
| Etiquetas: |
Agregar Etiqueta
Sin Etiquetas, Sea el primero en etiquetar este registro!
|
| LEADER | 00633nam a22001695a 4500 | ||
|---|---|---|---|
| 001 | MAT.inmabb001617 | ||
| 008 | 031124s1949####fr############000#0#fre#d | ||
| 005 | 20170818115156.0 | ||
| 245 | 1 | 4 | |a Les principes de l'analyse géométrique. |n Tome I, |p Leçons de géométrie vectorielle. Préliminaires à l'étude de la théorie d'Einstein / |c par Georges Bouligand. |
| 250 | |a 3e éd., rev. et augm. | ||
| 260 | |a Paris : |b Vuibert, |c 1949. | ||
| 300 | |a x, 436 p. ; |c 24 cm. | ||
| 510 | 4 | |a MR, |c MR0029227 | |
| 100 | 1 | |a Bouligand, Georges, |d 1889- | |
| 084 | |a 53-XX |2 msc2000 | ||
| 010 | |a 51002461 | ||
| 859 | |h 53 |i B763-3 |p A-2023 |v 1 |3 Tomo I |b BIB. MATEMATICA | ||
